| Record ID | marc_records_scriblio_net/part07.dat:112121076:783 |
| Source | Scriblio |
| Download Link | /show-records/marc_records_scriblio_net/part07.dat:112121076:783?format=raw |
LEADER: 00783cam 2200229 4500
001 73017098
003 DLC
005 19741031000000.0
008 730925s1974 njua b s00100 eng
010 $a 73017098
020 $a0813507642
043 $aa------$ae------
050 0 $aUB250$b.D86 1974
082 $a355.3/432/09
100 10 $aDvornik, Francis,$d1893-
245 10 $aOrigins of intelligence services:$bthe ancient Near East, Persia, Greece, Rome, Byzantium, the Arab Muslim Empires, the Mongol Empire, China, Muscovy.
260 0 $aNew Brunswick, N.J.,$bRutgers University Press$c[1974]
300 $axvi, 334 p.$billus.$c24 cm.
504 $aIncludes bibliographies.
650 0 $aIntelligence service$xHistory.
650 0 $aHistory, Ancient.
650 0 $aMiddle Ages$xHistory.